000
00247 a2200097 4500
001
37477
100
_a
Brandbury M Ed
245
_a
Forster; Collection of critical essays
260
_a
New Delhi
_b
Prentice hall of India
_c
090
_c
23940
_d
23940
942
_a
NUST-CAE
_c
M
_c
15492
999
_c
272550
_d
272550